A year's purchase (Record no. 105235)

MARC details
000 -LEADER
fixed length control field 00758cam a2200193 4500
001 - CONTROL NUMBER
control field ##L132803
008 - FIXED-LENGTH DATA ELEMENTS--GENERAL INFORMATION
fixed length control field 060309n1952 000 0 eng u
035 ## - SYSTEM CONTROL NUMBER
System control number (Sirsi) u132803
041 0# - LANGUAGE CODE
Language code of text/sound track or separate title eng
050 04 - LIBRARY OF CONGRESS CALL NUMBER
Classification number 333.5068 $2 22
110 2# - MAIN ENTRY--CORPORATE NAME
Corporate name or jurisdiction name as entry element Cambridge University Estate Management Society and Club
9 (RLIN) 4897
245 02 - TITLE STATEMENT
Title A year's purchase
260 ## - PUBLICATION, DISTRIBUTION, ETC.
Place of publication, distribution, etc. S.l.
Name of publisher, distributor, etc. [s.n.]
Date of publication, distribution, etc. 1952
300 ## - PHYSICAL DESCRIPTION
Extent 45p.
Other physical details ill
Dimensions 22cm.
490 #0 - SERIES STATEMENT
Series statement Journal of the Cambridge University Estate Management Society and Club
Volume/sequential designation 4
520 ## - SUMMARY, ETC.
Summary, etc. A collection of articles relating to estate management and announcements of meetings and appointments from property-related organisations.
690 ## - LOCAL SUBJECT ADDED ENTRY--TOPICAL TERM (OCLC, RLIN)
Topical term or geographic name as entry element PROPERTY-COMMERCIAL PROPERTY-CORPORATE REAL ESTATE-CORPORATE REAL ESTATE MANAGEMENT
942 ## - ADDED ENTRY ELEMENTS (KOHA)
Suppress in OPAC 0
Holdings
Withdrawn status Lost status Source of classification or shelving scheme Damaged status Not for loan Home library Current library Shelving location Date acquired Total Checkouts Full call number Barcode Date last seen Copy number Price effective from Koha item type
    Dewey Decimal Classification     London London RICS Boxes 09/03/2006   ISVA/37 30071946 06/08/2019 1 06/08/2019 Reference material